000 00957nam a2200301 a 4500
001 2907678
003 BD-DhUL
005 20170205161124.0
008 870828r19691959ii b 001 0 eng
010 _a 87906207
025 _aLC E A 50
040 _aDLC
_cDLC
_dDLC
_dBD-DhUL
043 _aa-ii---
050 0 0 _aPK2907.L7
_bD38 1969
082 0 0 _a891.204
_220
_bSUA
100 1 _aDe, Sushil Kumar.
245 1 0 _aAncient Indian erotics and erotic literature /
_cSushil Kumar De.
260 _aCalcutta :
_bFirma K.L. Mukhopadhyay,
_c1969.
300 _a109 p. ;
_c23 cm.
500 _aReprint. Previously published: Calcutta, 1959.
504 _aIncludes bibliographical references.
505 0 _aTreatment of love in Sanskrit literature -- Ancient Indian erotics.
590 _aIn English.
650 0 _aSanskrit literature
_xHistory and criticism.
650 0 _aLove in literature.
650 0 _aSex in literature.
942 _2ddc
_cBK
999 _c156356
_d156356